If you tell : (No. rekod 1769)

000 -LEADER
fixed length control field 02645cam a2200469 i 4500
003 - CONTROL NUMBER IDENTIFIER
control field KPN
005 - DATE AND TIME OF LATEST TRANSACTION
control field 20260402120135.0
008 - FIXED-LENGTH DATA ELEMENTS--GENERAL INFORMATION
fixed length control field 20260402b 00| 0 eng d
020 ## - INTERNATIONAL STANDARD BOOK NUMBER
International Standard Book Number 9781542005234
Qualifying information paperback
Terms of availability RM100.04
040 ## - CATALOGING SOURCE
Transcribing agency KPN
082 04 - DEWEY DECIMAL CLASSIFICATION NUMBER
Edition number 23
Classification number 364.152 OLS 2019
100 1# - MAIN ENTRY--PERSONAL NAME
Personal name Olsen, Gregg,
Relator term author.
245 10 - TITLE STATEMENT
Title If you tell :
Remainder of title a true story of murder, family secrets, and the unbreakable bond of sisterhood /
Statement of responsibility, etc. Gregg Olsen.
250 ## - EDITION STATEMENT
Edition statement First edition.
264 #1 - PRODUCTION, PUBLICATION, DISTRIBUTION, MANUFACTURE, AND COPYRIGHT NOTICE
Place of production, publication, distribution, manufacture Seattle, Washington :
Name of producer, publisher, distributor, manufacturer Thomas & Mercer,
Date of production, publication, distribution, manufacture, or copyright notice 2019
300 ## - PHYSICAL DESCRIPTION
Extent 405 pages ;
Dimensions 22 cm
520 ## - SUMMARY, ETC.
Summary, etc. "After more than a decade, when sisters Nikki, Sami, and Tori Knotek hear the word mom, it claws like an eagle's talons, triggering memories that have been their secret since childhood. Until now. For years, behind the closed doors of their farmhouse in Raymond, Washington, their sadistic mother, Shelly, subjected her girls to unimaginable abuse, degradation, torture, and psychic terrors. Through it all, Nikki, Sami, and Tori developed a defiant bond that made them far less vulnerable than Shelly imagined. Even as others were drawn into their mother's dark and perverse web, the sisters found the strength and courage to escape an escalating nightmare that culminated in multiple murders. Harrowing and heartrending, If You Tell is a survivor's story of absolute evil--and the freedom and justice that Nikki, Sami, and Tori risked their lives to fight for. Sisters forever, victims no more, they found a light in the darkness that made them the resilient women they are today--loving, loved, and moving on." --
Assigning source publisher's description.
600 17 - SUBJECT ADDED ENTRY--PERSONAL NAME
Personal name Knotek, Michelle,
Dates associated with a name 1954-
Source of heading or term caae
650 #0 - SUBJECT ADDED ENTRY--TOPICAL TERM
Topical term or geographic name entry element Sisters
Geographic subdivision Washington (State)
-- Raymond
Form subdivision Case studies.
Topical term or geographic name entry element Child abuse
Geographic subdivision Washington (State)
-- Raymond
Form subdivision Case studies.
Topical term or geographic name entry element Murder
Geographic subdivision Washington (State)
-- Raymond
Form subdivision Case studies.
Topical term or geographic name entry element Psychological abuse
Geographic subdivision Washington (State)
-- Raymond
Form subdivision Case studies.
Topical term or geographic name entry element Psychological abuse
Geographic subdivision Washington (State)
-- Raymond
Form subdivision Case studies.
Topical term or geographic name entry element Psychological abuse.
Topical term or geographic name entry element Child Abuse.
Topical term or geographic name entry element Homicide.
Topical term or geographic name entry element TRUE CRIME / Murder / Serial Killers.
Topical term or geographic name entry element Child abuse.
Topical term or geographic name entry element Murder.
Topical term or geographic name entry element Psychological abuse.
Topical term or geographic name entry element Sisters.
Topical term or geographic name entry element Homicide.
Topical term or geographic name entry element Victims of domestic violence.
Topical term or geographic name entry element Child abuse.
651 #7 - SUBJECT ADDED ENTRY--GEOGRAPHIC NAME
Geographic name Washington (State)
Geographic subdivision Raymond.
655 #7 - INDEX TERM--GENRE/FORM
Genre/form data or focus term Case studies.
Genre/form data or focus term True crime stories.
Genre/form data or focus term True crime stories.
Genre/form data or focus term Case studies.
700 1# - ADDED ENTRY--PERSONAL NAME
Personal name Ramsland, Katherine M.,
Dates associated with a name 1953-
Relator term writer of afterword.
942 ## - ADDED ENTRY ELEMENTS (KOHA)
Source of classification or shelving scheme
Koha item type Book
Suppress in OPAC No
Pemilik
Withdrawn status Lost status Source of classification or shelving scheme Damaged status Not for loan Collection code Home library Current library Shelving location Date acquired Total Checkouts Full call number Barcode Date last seen Price effective from Koha item type
          Non-fiction Perpustakaan Kementerian Perpaduan Malaysia Perpustakaan Kementerian Perpaduan Malaysia Non- Fiction Rack - Social sciences 02/04/2026   364.152 OLS 2019 KPN26040003 02/04/2026 02/04/2026 Book